[Event "Bayern-chTT (RL Nord-Ost)"]
[Site "Bayern 2008/09"]
[Date "2008.10.05"]
[Round "1.3"]
[White "Linsenmeyer, Mario"]
[Black "Kurz, Christian"]
[Result "1-0"]
[WhiteElo "2101"]
[BlackElo "2093"]
[PlyCount "77"]
[EventDate "2009.03.??"]
[EventType "team-tourn"]
[EventRounds "9"]
[WhiteTeam "Großenseebach 1"]
[BlackTeam "Bechhofen 1"]

1. d4 d5 2. c4 dxc4 3. e3 Nf6 4. Bxc4 e6 5. Nf3 c5 6. O-O a6 7. Nc3 Be7 8. e4
cxd4 9. Nxd4 Qc7 10. Qe2 Nc6 11. Nxc6 bxc6 12. Bg5 e5 13. Rac1 O-O 14. Bb3 Qb8
15. Na4 Qb5 16. Qc2 Bb7 17. Rfd1 Rac8 18. Bc4 Qa5 19. Bxf6 Bxf6 20. Rd7 Ba8 21.
Qb3 Rb8 22. Rxf7 Kh8 23. Rxf8+ Rxf8 24. Bf1 Bg5 25. Rc2 Qe1 26. Nc5 Bh4 27. g3
Be7 28. Nd7 Qxe4 29. Nxf8 c5 30. f3 Qd4+ 31. Kg2 e4 32. Qb8 exf3+ 33. Kh3 Bd8
34. Qxa8 Qf6 35. Qe4 Qxf8 36. Rf2 Bf6 37. Qxf3 Qc8+ 38. Qf5 Qc6 39. Bd3 1-0

[Event "Bayern-chTT (RL Nord-Ost)"]
[Site "Bayern 2008/09"]
[Date "2008.10.05"]
[Round "1.4"]
[White "Ponnath, Lorenz"]
[Black "Seyb, Dieter"]
[Result "0-1"]
[WhiteElo "1967"]
[BlackElo "2239"]
[PlyCount "66"]
[EventDate "2009.03.??"]
[EventType "team-tourn"]
[EventRounds "9"]
[WhiteTeam "Bechhofen 1"]
[BlackTeam "Großenseebach 1"]

1. d4 g6 2. f4 Bg7 3. Nf3 Nf6 4. e3 O-O 5. Bd3 d6 6. O-O Nc6 7. Qe1 e5 8. Ng5
exd4 9. e4 Qe7 10. b4 h6 11. b5 hxg5 12. bxc6 bxc6 13. f5 Ng4 14. Qg3 Ne3 15.
Rf3 Be5 16. f6 Bxf6 17. Nc3 Be5 18. Qe1 g4 19. Rg3 Qh4 20. Ne2 c5 21. c3 Kg7
22. cxd4 cxd4 23. Nxd4 Bxd4 24. Bxe3 Be5 25. Bf2 Qe7 26. Bc4 Be6 27. Rc1 Bxc4
28. Rxc4 Bxg3 29. Bxg3 f6 30. Qd1 Rab8 31. Bf4 Rf7 32. Qxg4 Rb1+ 33. Bc1 d5 0-1

[Event "Bayern-chTT (RL Nord-Ost)"]
[Site "Bayern 2008/09"]
[Date "2008.10.05"]
[Round "1.5"]
[White "Rosin, Ralf"]
[Black "Lutz, Thomas"]
[Result "1-0"]
[WhiteElo "1986"]
[BlackElo "1938"]
[PlyCount "127"]
[EventDate "2009.03.??"]
[EventType "team-tourn"]
[EventRounds "9"]
[WhiteTeam "Großenseebach 1"]
[BlackTeam "Bechhofen 1"]

1. d4 d5 2. Nf3 Nf6 3. e3 g6 4. Bd3 Bg7 5. Nbd2 Nbd7 6. c3 c6 7. e4 dxe4 8.
Nxe4 Nxe4 9. Bxe4 Nf6 10. Bc2 Bg4 11. O-O O-O 12. h3 Bxf3 13. Qxf3 Qd5 14. Qe2
e6 15. Bf4 Rac8 16. Rfd1 Qh5 17. Qe5 c5 18. dxc5 Rxc5 19. Qxh5 Rxh5 20. Bb3 Rc8
21. Rd3 Bf8 22. Rad1 a5 23. Rd8 Rxd8 24. Rxd8 Kg7 25. a4 b5 26. Ra8 bxa4 27.
Bxa4 Rc5 28. Be3 Rd5 29. c4 Re5 30. Kf1 Bb4 31. Ra7 Re4 32. c5 Nd5 33. c6 Rc4
34. Ke2 Nxe3 35. fxe3 Kf6 36. Kd3 Rc5 37. e4 Rc1 38. Bc2 Bd6 39. Rd7 Be5 40. c7
Bxc7 41. Rxc7 Rg1 42. e5+ Kxe5 43. Rxf7 Rxg2 44. Rxh7 g5 45. Kc3 Kf4 46. h4 g4
47. Rf7+ Kg3 48. h5 Rh2 49. Bg6 Kh4 50. Ra7 g3 51. Be4 Kg4 52. Rxa5 Kf4 53. Bc6
e5 54. Ra4+ Kf5 55. Bf3 g2 56. Bxg2 Rxg2 57. Rh4 Rg8 58. h6 Rc8+ 59. Kd2 Kg5
60. Rh1 Rh8 61. h7 Kg6 62. Ke3 Kf5 63. b4 e4 64. b5 1-0

[Event "Bayern-chTT (RL Nord-Ost)"]
[Site "Bayern 2008/09"]
[Date "2008.10.05"]
[Round "1.6"]
[White "Boese, Klaus(63)"]
[Black "Kirch, Daniel"]
[Result "1-0"]
[WhiteElo "1953"]
[BlackElo "2081"]
[PlyCount "53"]
[EventDate "2009.03.??"]
[EventType "team-tourn"]
[EventRounds "9"]
[WhiteTeam "Bechhofen 1"]
[BlackTeam "Großenseebach 1"]

1. Nf3 Nf6 2. d4 e6 3. g3 d5 4. Bg2 Bd6 5. O-O O-O 6. Nbd2 b6 7. c4 Bb7 8. cxd5
exd5 9. Re1 Re8 10. e3 Nc6 11. a3 a5 12. Nb1 Ne4 13. Nc3 Nxc3 14. bxc3 b5 15.
Qb3 Na7 16. a4 c6 17. Ba3 bxa4 18. Qxa4 Nb5 19. Bxd6 Nxd6 20. Nd2 Qg5 21. c4
Qf5 22. Reb1 Reb8 23. cxd5 cxd5 24. Rb6 Nc8 25. Rb2 Qe6 26. Bh3 Qxh3 27. Qe8#
1-0

[Event "Bayern-chTT (RL Nord-Ost)"]
[Site "Bayern 2008/09"]
[Date "2008.10.05"]
[Round "1.7"]
[White "Hofmann, Benjamin(90)"]
[Black "Kaiser, Harald(66)"]
[Result "0-1"]
[WhiteElo "1946"]
[BlackElo "1978"]
[PlyCount "74"]
[EventDate "2009.03.??"]
[EventType "team-tourn"]
[EventRounds "9"]
[WhiteTeam "Großenseebach 1"]
[BlackTeam "Bechhofen 1"]

1. e4 d6 2. d4 Nf6 3. Nc3 e5 4. dxe5 dxe5 5. Qxd8+ Kxd8 6. Bg5 Be6 7. O-O-O+
Nbd7 8. f4 exf4 9. Nf3 h6 10. Bxf4 c6 11. Nd4 Bb4 12. Nxe6+ fxe6 13. Bc4 Re8
14. Rhe1 e5 15. Bg3 Ke7 16. Re3 Rad8 17. Be1 Bc5 18. Re2 Ng4 19. Rd3 Nb6 20.
Bb3 Rxd3 21. cxd3 Nxh2 22. Nd1 Ng4 23. Kc2 Nd7 24. a4 Nf8 25. Bc3 Ne6 26. Bxe6
Kxe6 27. b4 Bb6 28. a5 Bg1 29. Re1 Bh2 30. d4 Rf8 31. Re2 Bg3 32. dxe5 Bxe5 33.
Bxe5 Kxe5 34. Kd3 Rd8+ 35. Kc3 Rd4 36. Nf2 Nxf2 37. Rxf2 Rxe4 0-1

[Event "Bayern-chTT (RL Nord-Ost)"]
[Site "Bayern 2008/09"]
[Date "2008.10.05"]
[Round "1.8"]
[White "Wind, Patrick"]
[Black "Suess, Stefan(87)"]
[Result "1/2-1/2"]
[WhiteElo "1907"]
[BlackElo "1841"]
[PlyCount "80"]
[EventDate "2009.03.??"]
[EventType "team-tourn"]
[EventRounds "9"]
[WhiteTeam "Bechhofen 1"]
[BlackTeam "Großenseebach 1"]

1. c4 f5 2. g3 Nf6 3. Bg2 g6 4. Nc3 Bg7 5. d3 O-O 6. Nf3 d6 7. O-O a5 8. Rb1
Na6 9. a3 c6 10. b4 axb4 11. axb4 Bd7 12. Qb3 Kh8 13. Ba3 Nc7 14. b5 Ne6 15. e4
fxe4 16. dxe4 Ng4 17. Bb2 Rxf3 18. Bxf3 Nd4 19. Qd1 Nxf3+ 20. Qxf3 Ne5 21. Qe2
Be6 22. bxc6 Bxc4 23. Qe3 Bxf1 24. cxb7 Rb8 25. Rxf1 Rxb7 26. Ba1 Rb3 27. Qe2
Qc8 28. Nd5 Nf3+ 29. Kg2 Qg4 30. Bxg7+ Kxg7 31. Nf4 g5 32. h3 Nh4+ 33. Kh1 Qxe2
34. Nxe2 Ng6 35. Kg2 Rb7 36. Nd4 h6 37. Rc1 Rb4 38. Nf5+ Kf6 39. Re1 h5 40. Re2
Rb3 1/2-1/2

[Event "Bayern-chTT (RL Nord-Ost)"]
[Site "Bayern 2008/09"]
[Date "2008.10.05"]
[Round "1.1"]
[White "Kordts, Wolfgang"]
[Black "Burggraf, Michael"]
[Result "1/2-1/2"]
[WhiteElo "2147"]
[BlackElo "2121"]
[PlyCount "47"]
[EventDate "2009.03.??"]
[EventType "team-tourn"]
[EventRounds "9"]
[WhiteTeam "Postbauer 1"]
[BlackTeam "Forchheim 2"]

1. d4 d5 2. c4 c6 3. Nf3 Nf6 4. Qc2 g6 5. Bf4 Bg7 6. e3 O-O 7. h3 Re8 8. Be2
dxc4 9. Bxc4 b5 10. Bb3 Bb7 11. Ne5 e6 12. O-O Qb6 13. Nd2 Nbd7 14. Nd3 Rac8
15. Bd6 Bf8 16. Bxf8 Kxf8 17. Nc5 Nxc5 18. dxc5 Qc7 19. a3 Rcd8 20. Rfd1 Bc8
21. Ne4 Nxe4 22. Qxe4 e5 23. Rxd8 Rxd8 24. Rd1 1/2-1/2

[Event "Bayern-chTT (RL Nord-Ost)"]
[Site "Bayern 2008/09"]
[Date "2008.10.05"]
[Round "1.2"]
[White "Staeblein, Christoph"]
[Black "Bauer, Andreas(67)"]
[Result "1/2-1/2"]
[WhiteElo "2121"]
[BlackElo "2125"]
[PlyCount "38"]
[EventDate "2009.03.??"]
[EventType "team-tourn"]
[EventRounds "9"]
[WhiteTeam "Forchheim 2"]
[BlackTeam "Postbauer 1"]

1. d4 Nf6 2. c4 d6 3. Nc3 Nbd7 4. e4 e5 5. d5 Nc5 6. f3 a5 7. Be3 Be7 8. Nge2
b6 9. b3 Nfd7 10. Qd2 Na6 11. Nc1 Ndc5 12. Nd3 Bd7 13. Nxc5 Nxc5 14. Bd3 h6 15.
g3 Bg5 16. h4 Bxe3 17. Qxe3 Qf6 18. Bc2 g5 19. O-O-O O-O-O 1/2-1/2

[Event "Bayern-chTT (RL Nord-Ost)"]
[Site "Bayern 2008/09"]
[Date "2008.10.05"]
[Round "1.3"]
[White "Roeber, Juergen"]
[Black "Weigel, Robert ProfDr"]
[Result "1-0"]
[WhiteElo "2077"]
[BlackElo "2089"]
[PlyCount "35"]
[EventDate "2009.03.??"]
[EventType "team-tourn"]
[EventRounds "9"]
[WhiteTeam "Postbauer 1"]
[BlackTeam "Forchheim 2"]

1. e4 c5 2. c3 Nf6 3. e5 Nd5 4. d4 cxd4 5. Nf3 e6 6. cxd4 b6 7. Nc3 Nxc3 8.
bxc3 Qc7 9. Bd2 Bb7 10. Bd3 d6 11. O-O Nd7 12. Ng5 dxe5 13. Qh5 g6 14. Qh3 e4
15. Bb5 Bg7 16. Nxe6 fxe6 17. Qxe6+ Kd8 18. Bf4 1-0

[Event "Bayern-chTT (RL Nord-Ost)"]
[Site "Bayern 2008/09"]
[Date "2008.10.05"]
[Round "1.5"]
[White "Fischer, Erich(41)"]
[Black "Zier, Oliver"]
[Result "1-0"]
[WhiteElo "1933"]
[BlackElo "2023"]
[PlyCount "51"]
[EventDate "2009.03.??"]
[EventType "team-tourn"]
[EventRounds "9"]
[WhiteTeam "Postbauer 1"]
[BlackTeam "Forchheim 2"]

1. c4 e6 2. d4 d5 3. Nc3 Be7 4. Bf4 Nf6 5. e3 O-O 6. Nf3 c5 7. Be2 Nc6 8. dxc5
Bxc5 9. O-O a6 10. Rc1 Ba7 11. Qc2 Qe7 12. Bg5 dxc4 13. Bxc4 Nb4 14. Qe4 h6 15.
Bxf6 gxf6 16. Qh4 Kg7 17. Ne5 Qc5 18. Nd3 Nxd3 19. Bxd3 Qg5 20. Qb4 Rg8 21. Ne4
Qe5 22. Qe7 Bb8 23. f4 Qxb2 24. Rc2 Qb6 25. Qxf6+ Kf8 26. Rxc8+ 1-0

[Event "Bayern-chTT (RL Nord-Ost)"]
[Site "Bayern 2008/09"]
[Date "2008.10.05"]
[Round "1.6"]
[White "Mons, Leon"]
[Black "Hoffmann, Ayar"]
[Result "1-0"]
[WhiteElo "1998"]
[BlackElo "1872"]
[PlyCount "69"]
[EventDate "2009.03.??"]
[EventType "team-tourn"]
[EventRounds "9"]
[WhiteTeam "Forchheim 2"]
[BlackTeam "Postbauer 1"]

1. e4 c5 2. Nf3 d6 3. Bb5+ Bd7 4. Bxd7+ Nxd7 5. d4 cxd4 6. Qxd4 e5 7. Qd3 Ngf6
8. Nc3 Be7 9. O-O O-O 10. Be3 a6 11. a4 Qc7 12. h3 Rac8 13. Nh4 g6 14. Bh6 Rfd8
15. Nf5 Nc5 16. Nxe7+ Qxe7 17. Qf3 Ne6 18. Qd1 Rc4 19. Qe1 Rdc8 20. Rd1 Nd4 21.
Bg5 Qe6 22. Bxf6 Qxf6 23. Nd5 Qd8 24. c3 Ne6 25. b3 R4c6 26. Qe2 Kg7 27. Kh2
Nf4 28. Nxf4 exf4 29. c4 Qf6 30. Rd3 Qe5 31. f3 R8c7 32. Qd2 Kf8 33. Rd5 Qf6
34. Rd1 Ke7 35. Qb4 1-0

[Event "Bayern-chTT (RL Nord-Ost)"]
[Site "Bayern 2008/09"]
[Date "2008.10.05"]
[Round "1.7"]
[White "Kordts, Florian"]
[Black "Schulze, Harald(61)"]
[Result "0-1"]
[WhiteElo "1812"]
[BlackElo "2108"]
[PlyCount "94"]
[EventDate "2009.03.??"]
[EventType "team-tourn"]
[EventRounds "9"]
[WhiteTeam "Postbauer 1"]
[BlackTeam "Forchheim 2"]

1. c4 c6 2. Nf3 d5 3. b3 Bf5 4. g3 e6 5. Bg2 Be7 6. Bb2 Bf6 7. Bxf6 Nxf6 8. d3
O-O 9. O-O Nbd7 10. Nh4 Bg4 11. h3 Bh5 12. g4 Ne8 13. Nf3 Bg6 14. Nc3 Nd6 15.
Qd2 h6 16. Qf4 Qe7 17. Qg3 Rad8 18. Rac1 Rfe8 19. Nh4 Bh7 20. f4 d4 21. Nd1 c5
22. g5 hxg5 23. fxg5 Nf5 24. Nxf5 exf5 25. Rc2 Ne5 26. h4 g6 27. Nf2 b6 28. Rb2
Qd6 29. Nh3 Nxc4 30. Qxd6 Nxd6 31. Nf4 Re5 32. a4 Kg7 33. Rc1 a5 34. Nd5 Nc8
35. Nf6 Ne7 36. Kf2 Ng8 37. Nxh7 Kxh7 38. Rh1 f6 39. Kf3 Kg7 40. Kf4 Ne7 41. h5
gxh5 42. Rxh5 Ng6+ 43. Kg3 fxg5 44. Rxg5 Kf6 45. Rh5 f4+ 46. Kg4 Rxh5 47. Kxh5
Ne5 0-1

[Event "Bayern-chTT (RL Nord-Ost)"]
[Site "Bayern 2008/09"]
[Date "2008.10.05"]
[Round "1.8"]
[White "Walter, Eugen(58)"]
[Black "Kendzia, Nikolai"]
[Result "1-0"]
[WhiteElo "1907"]
[BlackElo "1904"]
[PlyCount "55"]
[EventDate "2009.03.??"]
[EventType "team-tourn"]
[EventRounds "9"]
[WhiteTeam "Forchheim 2"]
[BlackTeam "Postbauer 1"]

1. Nf3 Nf6 2. b3 g6 3. Bb2 Bg7 4. e3 O-O 5. c4 c5 6. Be2 Nc6 7. O-O d6 8. h3 a6
9. a3 Rb8 10. d4 Nd7 11. Qc2 cxd4 12. Nxd4 Nxd4 13. Bxd4 Bxd4 14. exd4 Nf6 15.
Nc3 Bf5 16. Bd3 Bxd3 17. Qxd3 Qd7 18. Rfd1 Rfd8 19. a4 b6 20. d5 Qc7 21. Re1
Re8 22. Re3 e5 23. dxe6 Rxe6 24. Rxe6 fxe6 25. Rd1 Rd8 26. Qf3 Kg7 27. Re1 e5
28. Qxf6+ 1-0

[Event "Bayern-chTT (RL Nord-Ost)"]
[Site "Bayern 2008/09"]
[Date "2008.10.26"]
[Round "2.1"]
[White "Kordts, Wolfgang"]
[Black "Albrecht, Hans(57)"]
[Result "1/2-1/2"]
[WhiteElo "2147"]
[BlackElo "2091"]
[PlyCount "20"]
[EventDate "2009.03.??"]
[EventType "team-tourn"]
[EventRounds "9"]
[WhiteTeam "Postbauer 1"]
[BlackTeam "Altensittenbach 1"]

1. d4 Nf6 2. c4 e6 3. Nf3 b6 4. e3 Bb7 5. Bd3 Bb4+ 6. Bd2 Bxd2+ 7. Nbxd2 d6 8.
O-O O-O 9. Qc2 Nbd7 10. b4 c5 1/2-1/2

[Event "Bayern-chTT (RL Nord-Ost)"]
[Site "Bayern 2008/09"]
[Date "2008.10.26"]
[Round "2.2"]
[White "Roeder, Frank"]
[Black "Bauer, Andreas(67)"]
[Result "1/2-1/2"]
[WhiteElo "2153"]
[BlackElo "2125"]
[PlyCount "25"]
[EventDate "2009.03.??"]
[EventType "team-tourn"]
[EventRounds "9"]
[WhiteTeam "Altensittenbach 1"]
[BlackTeam "Postbauer 1"]

1. e4 c5 2. c3 d6 3. d4 Nf6 4. Bd3 cxd4 5. cxd4 g6 6. Nc3 Bg7 7. Nf3 O-O 8. O-O
Nc6 9. h3 e5 10. d5 Nb4 11. Bb1 a5 12. Be3 Nh5 13. a3 1/2-1/2

[Event "Bayern-chTT (RL Nord-Ost)"]
[Site "Bayern 2008/09"]
[Date "2008.10.26"]
[Round "2.3"]
[White "Roeber, Juergen"]
[Black "Roeder, Gerd Dr"]
[Result "1/2-1/2"]
[WhiteElo "2077"]
[BlackElo "2209"]
[PlyCount "24"]
[EventDate "2009.03.??"]
[EventType "team-tourn"]
[EventRounds "9"]
[WhiteTeam "Postbauer 1"]
[BlackTeam "Altensittenbach 1"]

1. e4 c5 2. c3 d5 3. exd5 Qxd5 4. d4 Nf6 5. Nf3 Bg4 6. Be2 cxd4 7. cxd4 e6 8.
Nc3 Qd8 9. Qa4+ Nc6 10. O-O Be7 11. Rd1 Nd5 12. Nxd5 Qxd5 1/2-1/2

[Event "Bayern-chTT (RL Nord-Ost)"]
[Site "Bayern 2008/09"]
[Date "2008.10.26"]
[Round "2.4"]
[White "Wallinger, Manfred"]
[Black "Sippl, Martin"]
[Result "1/2-1/2"]
[WhiteElo "2142"]
[BlackElo "1983"]
[PlyCount "25"]
[EventDate "2009.03.??"]
[EventType "team-tourn"]
[EventRounds "9"]
[WhiteTeam "Altensittenbach 1"]
[BlackTeam "Postbauer 1"]

1. d4 Nf6 2. Bg5 c5 3. Bxf6 exf6 4. d5 d6 5. c4 f5 6. e3 g6 7. Nc3 Bg7 8. Be2
Na6 9. Nf3 Nc7 10. O-O O-O 11. Qd2 Qf6 12. Rab1 g5 13. Rfc1 1/2-1/2

[Event "Bayern-chTT (RL Nord-Ost)"]
[Site "Bayern 2008/09"]
[Date "2008.10.26"]
[Round "2.6"]
[White "Endres, Christian(90)"]
[Black "Hoffmann, Ayar"]
[Result "1/2-1/2"]
[WhiteElo "2002"]
[BlackElo "1872"]
[PlyCount "21"]
[EventDate "2009.03.??"]
[EventType "team-tourn"]
[EventRounds "9"]
[WhiteTeam "Altensittenbach 1"]
[BlackTeam "Postbauer 1"]

1. Nf3 Nf6 2. c4 g6 3. g3 Bg7 4. Bg2 d6 5. d4 O-O 6. O-O c6 7. Nc3 Bd7 8. b3
Na6 9. e4 Qc7 10. Bb2 Rad8 11. Qe2 1/2-1/2

[Event "Bayern-chTT (RL Nord-Ost)"]
[Site "Bayern 2008/09"]
[Date "2008.10.26"]
[Round "2.7"]
[White "Kordts, Florian"]
[Black "Ammon, Tobias"]
[Result "1/2-1/2"]
[WhiteElo "1812"]
[BlackElo "1945"]
[PlyCount "28"]
[EventDate "2009.03.??"]
[EventType "team-tourn"]
[EventRounds "9"]
[WhiteTeam "Postbauer 1"]
[BlackTeam "Altensittenbach 1"]

1. c4 e5 2. Nc3 Nf6 3. g3 d5 4. cxd5 Nxd5 5. Bg2 Nb6 6. Nf3 Nc6 7. O-O Be7 8.
a3 O-O 9. b4 Be6 10. Rb1 f6 11. d3 Nd4 12. Bb2 Nxf3+ 13. Bxf3 c6 14. Qc2 Rc8
1/2-1/2

[Event "Bayern-chTT (RL Nord-Ost)"]
[Site "Bayern 2008/09"]
[Date "2008.10.26"]
[Round "2.8"]
[White "Hess, Rene"]
[Black "Firla, Erwin"]
[Result "1/2-1/2"]
[WhiteElo "1667"]
[BlackElo "1921"]
[PlyCount "36"]
[EventDate "2009.03.??"]
[EventType "team-tourn"]
[EventRounds "9"]
[WhiteTeam "Altensittenbach 1"]
[BlackTeam "Postbauer 1"]

1. d4 d5 2. c4 e6 3. Nc3 Nf6 4. Bg5 Nbd7 5. e3 c6 6. Nf3 Qa5 7. Nd2 Bb4 8. Qc2
dxc4 9. Bxf6 Nxf6 10. Nxc4 Qc7 11. Bd3 O-O 12. O-O Bd6 13. Nxd6 Qxd6 14. h3 e5
15. dxe5 Qxe5 16. Rad1 h6 17. Rd2 Be6 18. Qa4 Nd5 1/2-1/2

[Event "Bayern-chTT (RL Nord-Ost)"]
[Site "Bayern 2008/09"]
[Date "2008.10.26"]
[Round "2.1"]
[White "Orsag, Milan"]
[Black "Schneider, David(90)"]
[Result "1-0"]
[WhiteElo "2391"]
[BlackElo "2218"]
[PlyCount "77"]
[EventDate "2009.03.??"]
[EventType "team-tourn"]
[EventRounds "9"]
[WhiteTeam "Forchheim 2"]
[BlackTeam "Großenseebach 1"]

1. d4 Nf6 2. Nf3 e6 3. c4 b6 4. Nc3 Bb4 5. Qb3 Qe7 6. Bg5 Bb7 7. e3 h6 8. Bh4
Bxc3+ 9. bxc3 d6 10. Nd2 e5 11. f3 g5 12. Bf2 e4 13. Rg1 Nbd7 14. Be2 O-O-O 15.
a4 a5 16. Rb1 Bc6 17. c5 dxc5 18. Nc4 Bd5 19. Qb5 Rde8 20. Qa6+ Kd8 21. Qa7 Qe6
22. Bg3 Qc6 23. Ne5 Nxe5 24. Bxe5 cxd4 25. cxd4 exf3 26. gxf3 Rxe5 27. dxe5 Nd7
28. Kf2 Ke7 29. Qa6 Nc5 30. Qb5 Qxb5 31. Bxb5 c6 32. Be2 Nxa4 33. Rgc1 Rc8 34.
e4 Be6 35. Ke3 b5 36. Ra1 Kd7 37. Rc2 Ke7 38. Rac1 c5 39. Bxb5 1-0

[Event "Bayern-chTT (RL Nord-Ost)"]
[Site "Bayern 2008/09"]
[Date "2008.10.26"]
[Round "2.2"]
[White "Seyb, Alexander"]
[Black "Lang, Stefan(01.66)"]
[Result "1-0"]
[WhiteElo "2241"]
[BlackElo "2182"]
[PlyCount "59"]
[EventDate "2009.03.??"]
[EventType "team-tourn"]
[EventRounds "9"]
[WhiteTeam "Großenseebach 1"]
[BlackTeam "Forchheim 2"]

1. e4 Nc6 2. Nf3 g6 3. d4 Bg7 4. Nc3 d6 5. Be2 Nf6 6. O-O O-O 7. h3 Nd7 8. Bg5
h6 9. Be3 Kh7 10. Qd2 e5 11. Rad1 a6 12. dxe5 dxe5 13. Qc1 Ne7 14. Rd3 Qe8 15.
Rfd1 f5 16. Qa1 b5 17. b4 f4 18. Bc1 g5 19. Bb2 Ng6 20. a4 Nf6 21. Nd5 Nxd5 22.
Rxd5 Be6 23. Rc5 bxa4 24. Rxc7 Rf7 25. Rxf7 Bxf7 26. c4 Qc6 27. Nxe5 Bxe5 28.
Bxe5 Bxc4 29. Bxc4 Qxc4 30. Rd7+ 1-0

[Event "Bayern-chTT (RL Nord-Ost)"]
[Site "Bayern 2008/09"]
[Date "2008.10.26"]
[Round "2.3"]
[White "Burggraf, Michael"]
[Black "Linsenmeyer, Mario"]
[Result "1-0"]
[WhiteElo "2121"]
[BlackElo "2101"]
[PlyCount "53"]
[EventDate "2009.03.??"]
[EventType "team-tourn"]
[EventRounds "9"]
[WhiteTeam "Forchheim 2"]
[BlackTeam "Großenseebach 1"]

1. e4 c5 2. Nc3 Nc6 3. g3 g6 4. Bg2 Bg7 5. d3 d6 6. Be3 Rb8 7. Qd2 e6 8. f4
Nge7 9. Nf3 Nd4 10. Nh4 O-O 11. O-O b5 12. Nd1 b4 13. c3 bxc3 14. bxc3 Ndc6 15.
f5 f6 16. fxg6 hxg6 17. Bh6 Ne5 18. Bxg7 Kxg7 19. Ne3 Qa5 20. Bh3 Qa3 21. Rf2
Ba6 22. Bxe6 Nxd3 23. Ng4 Rh8 24. Rxf6 Rbf8 25. Raf1 Ne5 26. Qxd6 Bxf1 27.
Rxg6+ 1-0

[Event "Bayern-chTT (RL Nord-Ost)"]
[Site "Bayern 2008/09"]
[Date "2008.10.26"]
[Round "2.4"]
[White "Seyb, Dieter"]
[Black "Staeblein, Christoph"]
[Result "1/2-1/2"]
[WhiteElo "2239"]
[BlackElo "2121"]
[PlyCount "41"]
[EventDate "2009.03.??"]
[EventType "team-tourn"]
[EventRounds "9"]
[WhiteTeam "Großenseebach 1"]
[BlackTeam "Forchheim 2"]

1. e4 e6 2. d4 d5 3. Nc3 Bb4 4. e5 c5 5. a3 Bxc3+ 6. bxc3 Ne7 7. Qg4 O-O 8. Bd3
f5 9. exf6 Rxf6 10. Bg5 Rf7 11. Qh5 g6 12. Qd1 Qa5 13. Qd2 Nbc6 14. Nf3 Nf5 15.
Ne5 Rc7 16. g4 Nd6 17. O-O c4 18. Be2 Nxe5 19. dxe5 Ne4 20. Qe3 Qxc3 21. Bh6
1/2-1/2

[Event "Bayern-chTT (RL Nord-Ost)"]
[Site "Bayern 2008/09"]
[Date "2008.10.26"]
[Round "2.5"]
[White "Schulze, Harald(61)"]
[Black "Rosin, Ralf"]
[Result "1/2-1/2"]
[WhiteElo "2108"]
[BlackElo "1986"]
[PlyCount "56"]
[EventDate "2009.03.??"]
[EventType "team-tourn"]
[EventRounds "9"]
[WhiteTeam "Forchheim 2"]
[BlackTeam "Großenseebach 1"]

1. b4 Nf6 2. c4 e6 3. a3 d5 4. e3 a5 5. b5 c5 6. Nf3 Nbd7 7. d3 b6 8. Bb2 Bd6
9. Be2 Bb7 10. O-O O-O 11. Nc3 Qc7 12. h3 Rad8 13. Qb3 Rfe8 14. Rac1 Qb8 15.
Rfd1 Qa8 16. Rd2 d4 17. Na4 e5 18. e4 Nh5 19. Nh2 Nf4 20. Bg4 Bc7 21. g3 Ne6
22. Rf1 g6 23. h4 Ng7 24. Bxd7 Rxd7 25. Bc1 f5 26. f3 Rf7 27. Rdf2 Ref8 28. Bh6
Qe8 1/2-1/2

[Event "Bayern-chTT (RL Nord-Ost)"]
[Site "Bayern 2008/09"]
[Date "2008.10.26"]
[Round "2.6"]
[White "Kirch, Daniel"]
[Black "Haubold, Martin(77)"]
[Result "1-0"]
[WhiteElo "2081"]
[BlackElo "1895"]
[PlyCount "111"]
[EventDate "2009.03.??"]
[EventType "team-tourn"]
[EventRounds "9"]
[WhiteTeam "Großenseebach 1"]
[BlackTeam "Forchheim 2"]

1. d4 Nf6 2. c4 e5 3. dxe5 Ng4 4. Bf4 Nc6 5. Nf3 Bb4+ 6. Nbd2 Qe7 7. a3 Ngxe5
8. Nxe5 Nxe5 9. e3 Bxd2+ 10. Qxd2 d6 11. Be2 b6 12. O-O Bb7 13. Rac1 g5 14.
Bxe5 Qxe5 15. c5 dxc5 16. f4 gxf4 17. exf4 Qd6 18. Bb5+ Kf8 19. Qc2 Rg8 20. Rf2
Qd4 21. Bf1 Be4 22. Qb3 Rd8 23. Rc4 Qd5 24. Qh3 Bf5 25. Qh6+ Rg7 26. Rc3 Rd6
27. Qh4 Qd4 28. Rc4 Qd1 29. Re2 Rd7 30. Re1 Qd5 31. Re5 Qf3 32. Rc3 Qg4 33.
Rce3 Be6 34. Qf6 Rd1 35. Rg3 Rxf1+ 36. Kxf1 Qd1+ 37. Kf2 Rxg3 38. Kxg3 Qg4+ 39.
Kf2 Ke8 40. Re3 Kd7 41. Rd3+ Kc6 42. h3 Qg6 43. Qxg6 hxg6 44. g4 c4 45. Rd8 a5
46. Ke3 Kc5 47. Ke4 c6 48. f5 Bd5+ 49. Ke3 b5 50. h4 gxf5 51. gxf5 b4 52. axb4+
axb4 53. h5 c3 54. bxc3 bxc3 55. h6 c2 56. Kd2 1-0

[Event "Bayern-chTT (RL Nord-Ost)"]
[Site "Bayern 2008/09"]
[Date "2008.10.26"]
[Round "2.7"]
[White "Justi, Fabian"]
[Black "Hofmann, Benjamin(90)"]
[Result "1-0"]
[WhiteElo "1770"]
[BlackElo "1946"]
[PlyCount "53"]
[EventDate "2009.03.??"]
[EventType "team-tourn"]
[EventRounds "9"]
[WhiteTeam "Forchheim 2"]
[BlackTeam "Großenseebach 1"]

1. e4 g6 2. Nc3 Bg7 3. Bc4 d6 4. f4 c6 5. Nf3 Nf6 6. e5 dxe5 7. fxe5 Nd5 8. d4
O-O 9. Ne2 Nd7 10. h4 N7b6 11. Bd3 f6 12. h5 Bf5 13. hxg6 Bxg6 14. Bxg6 hxg6
15. Qd3 Qe8 16. Nh4 f5 17. Qg3 Qf7 18. Nxg6 Nb4 19. Kd1 Rfd8 20. Bd2 N4d5 21.
Nh8 Qf8 22. Qh3 Qe8 23. Qh7+ Kf8 24. Bh6 Bxh6 25. Qxh6+ Kg8 26. Qh7+ Kf8 27.
Ng6+ 1-0

[Event "Bayern-chTT (RL Nord-Ost)"]
[Site "Bayern 2008/09"]
[Date "2008.10.26"]
[Round "2.8"]
[White "Suess, Stefan(87)"]
[Black "Killmann, Martin"]
[Result "1/2-1/2"]
[WhiteElo "1841"]
[BlackElo "1577"]
[PlyCount "76"]
[EventDate "2009.03.??"]
[EventType "team-tourn"]
[EventRounds "9"]
[WhiteTeam "Großenseebach 1"]
[BlackTeam "Forchheim 2"]

1. e4 d5 2. exd5 Nf6 3. d4 Bg4 4. Be2 Bxe2 5. Qxe2 Qxd5 6. Nf3 e6 7. O-O Be7 8.
c4 Qd8 9. Nc3 c6 10. Re1 O-O 11. Bg5 Na6 12. Rad1 Re8 13. Ne5 Nc7 14. Qf3 Rf8
15. Re3 Nfd5 16. cxd5 Bxg5 17. dxc6 Bxe3 18. cxb7 Bxf2+ 19. Kxf2 Rb8 20. Nc6
Qh4+ 21. Kg1 Rxb7 22. Ne7+ Qxe7 23. Qxb7 Nd5 24. Qxe7 Nxe7 25. d5 exd5 26. Nxd5
Nxd5 27. Rxd5 g6 28. Ra5 Rc8 29. b4 Rc7 30. a4 Kf8 31. Kf2 Re7 32. Rb5 f5 33.
a5 Ke8 34. a6 Rc7 35. Rb7 Kd7 36. Rb8 Rc8 37. Rb7+ Rc7 38. Rb8 Rc8 1/2-1/2